000 00554nam a2200133Ia 4500
008 150609s9999 xx 000 0 und d
050 _aRD130
_b.So6 2015
100 _aSo, Karina A.
245 _aAlternative methods for makeup prosthetics ; the production of a tri-epiode instructional video /
_cKarina A. So, and Maria Patricia Carmelita J. Gahutan.
260 _aLas PiƱas, Philippines :
_bSISC,
_c2015.
300 _a67 pages :
_bcolor illustrations ;
_c28 cm.
500 _aIncludes bibliographical references and appendices.
650 _aProsthesis
999 _c285003
_d285003